Cash Management Practices of Local Groceries Store in Binangonan, Rizal (Record no. 83780)

MARC details
000 -LEADER
fixed length control field 01459nam a22001697a 4500
003 - CONTROL NUMBER IDENTIFIER
control field URS
005 - DATE AND TIME OF LATEST TRANSACTION
control field 20250728143613.0
008 - FIXED-LENGTH DATA ELEMENTS--GENERAL INFORMATION
fixed length control field 250728b |||||||| |||| 00| 0 eng d
100 ## - MAIN ENTRY--PERSONAL NAME
Personal name Quynie Jane F. Balbastro
245 ## - TITLE STATEMENT
Title <a href="Cash Management Practices of Local Groceries Store in Binangonan, Rizal">Cash Management Practices of Local Groceries Store in Binangonan, Rizal</a>
Remainder of title Quynie Jane F. Balbastro, Herlyn M. Garcia, Hannah Jane B. Pardo
260 ## - PUBLICATION, DISTRIBUTION, ETC. (IMPRINT)
Date of publication, distribution, etc 2025
300 ## - PHYSICAL DESCRIPTION
Extent xiv, 118
502 ## - DISSERTATION NOTE
Dissertation note Thesis
Degree type Bachelor of Science in Business Administration Major in Financial Management
Name of granting institution URS Binangonan
Year degree granted 2025
520 ## - SUMMARY, ETC.
Summary, etc This study investigates the cash management practices of local grocery stores in Binangonan, Rizal, focusing on their approaches to cash receipts, disbursements, and overall cash control for the calendar year 2024. Given the significant role of cash flow in the daily operations and financial stability of small businesses, effective cash management is essential for sustaining operations, meeting financial obligations, and enabling growth. The research identifies the profiles of grocery store owners and their businesses, including variables such as<br/>age, sex, civil status, educational attainment, length of service, position, form of business, years in business, and number of employees. Employing a descriptive research method, data were gathered through surveys and questionnaires administered to registered grocery store owners and cashiers/clerks.
700 ## - ADDED ENTRY--PERSONAL NAME
Personal name Concepcion C. Ofamen
Relator term Adviser
942 ## - ADDED ENTRY ELEMENTS (KOHA)
Source of classification or shelving scheme Library of Congress Classification
Koha item type Theses and dissertations
Holdings
Withdrawn status Source of classification or shelving scheme Damaged status Not for loan Home library Current library Date acquired Total Checkouts Barcode Date last seen Price effective from Koha item type
  Library of Congress Classification     Binangonan College Library Binangonan College Library 07/28/2025   URSBIN-UGT3276 07/28/2025 07/28/2025 Theses and dissertations

University of Rizal System
Email us at univlibservices@urs.edu.ph

Visit our Website www.urs.edu.ph/library